| 000 | 01083nac a22003377a 4500 | ||
|---|---|---|---|
| 001 | BR9901926 | ||
| 003 | BR-BrBNA | ||
| 005 | 20240105122207.0 | ||
| 008 | 230509b bl.|||m| |||| 00| 0 por d | ||
| 040 |
_aBR-BrBNA _bpor _cBiblioteca Nacional de Agricultura |
||
| 072 | _aF01; H10 | ||
| 090 | _a1850 BR9901926 | ||
| 100 | 1 | _aCharchar, J.M. | |
| 100 | 1 | _aGiordano, L.B. | |
| 100 | 1 | _aGonzaga, V. | |
| 100 | 1 | _aReis, N.V.B. | |
| 110 | 1 | _aCentro Nacional de Pesquisa de Hortalicas, Brasilia, DF (Brasil) | |
| 245 | 1 | _aPerda de produtividade de tomateiro por infeccao de populacao mista de Meloidogyne incognita raca 1 e M. javanica | |
| 260 | 3 |
_aBrasilia, DF (Brasil): _c1998. |
|
| 300 | _a6 p. | ||
| 490 |
_aPesquisa em Andamento EMBRAPA Hortalicas (Brazil) _vno. 12 _xISSN 1415-0352 |
||
| 500 | _a12 ref.; Summary (Pt) | ||
| 650 | _aTomate | ||
| 650 | _aMeloidoginose | ||
| 650 | _aEstufa | ||
| 650 | _aInfestacao | ||
| 650 | _aVariedade Resistente | ||
| 650 | _aPoda de Formacao | ||
| 909 |
_a202312 _bLúcia Elande _c55 _dLúcia Elande |
||
| 942 |
_2AGRIS _n0 _cMS |
||
| 999 |
_c289731 _d289731 |
||